000 00812nam a2200229 i 4500
001 142826
003 ES-MaACL
005 20250925063045.0
007 t|
008 071010m19511952sp ||||1| spa d
100 1 _aVicens Vives, Jaime,
_d1910-1960
_9114319
245 1 0 _aHistoria general moderna
_b: del Renacimiento a la crisis del siglo XX /
_cJaime Vicens Vives.
250 _a2ª ed., amp. y corr.
260 _aBarcelona :
_bMontaner y Simón,
_c1951-1952.
300 _a2 v. :
_bil. ;
_c24 cm.
490 1 _aHistoria general de la humanidad ;
_v4-5
650 7 _aHistoria moderna
_2embne
_913420
650 7 _aHistoria contemporánea
_2embne
_913393
830 0 _aHistoria general de la humanidad ;
_v4-5
_9231804
852 _aES-MaACL
_jA-303-04
_bR.36920
999 _c142826
_d142826